Memoria humana: teoría y práctica

Сохранить в:
Библиографические подробности
Главный автор: Baddeley, Alan D (Автор)
Формат:
Язык:испанский
Опубликовано: Madrid McGraw Hill 1999
Предметы:
Метки: Добавить метку
Нет меток, Требуется 1-ая метка записи!

MARC

LEADER 00000nam a2200000 a 4500
001 UCP4205
003 CL-VaPUC
008 990724e19990000SP |||||||||||||||||spa|d
082 0 4 |a 153.1  |b BAD  |2 21 
100 0 |a Baddeley, Alan D  |e author  |9 431685 
245 1 0 |a Memoria humana: teoría y práctica 
300 |a 496 p 
942 |c BK 
945 |d 19990724 00:00:00  |a vberengu 
260 |a Madrid  |b McGraw Hill  |c 1999 
650 0 |a Memoria  |9 266549 
650 0 |a Percepción   |9 266750 
650 7 |a RECUERDO  |2 CL-VaPUC  |9 431686 
650 0 |a Organización  |9 256369 
650 0 |a Aprendizaje   |9 254827 
650 7 |a RECUPERACION  |2 CL-VaPUC  |9 431687 
650 7 |a CONOCIMIENTO  |2 CL-VaPUC  |9 308991 
650 7 |a EMOCION  |2 CL-VaPUC  |9 379822 
650 0 |a Cognición   |9 270347 
650 0 |a Amnesia  |9 350448 
650 0 |a Conciencia  |9 309452 
583 |a last modification  |c 20190723 10:03:31  |k Rodrigo Vera 
999 |c 282254  |d 282252 
952 |0 0  |1 0  |4 0  |6 153_100000000000000_BAD_1999  |7 0  |8 A  |9 323826  |a FDOPOS  |b FDOPOS  |d 2019-11-20  |i 3539970  |o 153.1 BAD 1999  |p 3539970  |r 2025-01-22  |w 2019-11-20  |y BK  |k MLA 
952 |0 0  |1 0  |4 0  |6 153_100000000000000_BAD_1999  |7 0  |8 A  |9 323827  |a FDOPOS  |b BIBEDU  |d 2019-11-20  |i 3544575  |l 2  |m 1  |o 153.1 BAD 1999  |p 3544575  |r 2025-01-22  |s 2022-04-07  |w 2019-11-20  |y BK  |k MLA